[Event "British Rapidplay"]
[Site "Peterborough"]
[Date "2025.03.02"]
[Round "8.31"]
[White "Fairhurst, Frederick"]
[Black "Dicen, Elis Denele"]
[Result "0-1"]
[WhiteElo "1798"]
[BlackElo "2129"]
[PlyCount "88"]
[EventDate "2025.03.01"]
[EventType "swiss (rapid)"]
[EventRounds "11"]
[EventCountry "ENG"]
[SourceTitle "BritBase"]
[Source "John Saunders"]
[SourceDate "2025.03.03"]
[SourceVersion "1"]
[SourceVersionDate "2025.03.03"]
[SourceQuality "2"]

1. e4 e5 2. Nf3 Nc6 3. Bc4 Nf6 4. d4 exd4 5. O-O Nxe4 6. Re1 d5 7. Bxd5 Qxd5 8. Nc3 Qh5 9. Nxe4 Be6 10. Bg5 Bd6 11. Nxd6+ cxd6 12. Bf4 O-O 13. Nxd4 Qg6 14. Nxc6 bxc6 15. Qxd6 Qxc2 16. Qd2 Qg6 17. Bg3 Bd5 18. b3 a5 19. Rad1 a4 20. Qd3 Qg4 21. h3 Qd7 22. b4 f5 23. Be5 Qf7 24. Bd6 Rfd8 25. Bc5 Qg6 26. f3 Qf7 27. a3 Rd7 28. Qe3 h6 29. Rd2 Kh7 30. Rde2 Qg6 31. Qf4 Rad8 32. Re7 Bf7 33. R7e5 Rd2 34. Bf2 R2d5 35. Bc5 Rd1 36. Qh4 R8d2 37. Bf2 Rxe1+ 38. Rxe1 Bd5 39. Qf4 Ra2 40. Qe3 Rb2 41. Kh1 Rb3 42. Qc1 Rxf3 43. Qd2 Rxh3+ 44. Kg1 Qxg2# 0-1

[Event "British Rapidplay"]
[Site "Peterborough"]
[Date "2025.03.02"]
[Round "8.32"]
[White "Kothari, Jai"]
[Black "Ortiz Sanchez, Luis"]
[Result "1-0"]
[WhiteElo "2035"]
[BlackElo "1913"]
[PlyCount "121"]
[EventDate "2025.03.01"]
[EventType "swiss (rapid)"]
[EventRounds "11"]
[EventCountry "ENG"]
[SourceTitle "BritBase"]
[Source "John Saunders"]
[SourceDate "2025.03.03"]
[SourceVersion "1"]
[SourceVersionDate "2025.03.03"]
[SourceQuality "2"]

1. e4 c5 2. Nc3 Nc6 3. Bb5 Nd4 4. Nf3 g6 5. Nxd4 cxd4 6. Ne2 Bg7 7. O-O a6 8. Ba4 b5 9. Bb3 Bb7 10. d3 e6 11. Qe1 Ne7 12. Bd2 d5 13. f3 O-O 14. a4 Qd7 15. axb5 axb5 16. Bb4 Rxa1 17. Qxa1 Ra8 18. Qc1 Nc6 19. Bd2 Ne5 20. Kh1 dxe4 21. fxe4 Ng4 22. h3 Nf6 23. Bh6 Bh8 24. Qf4 Nh5 25. Qf2 Qc7 26. Bg5 Be5 27. Bh4 Re8 28. g4 Ng7 29. Bf6 Bxf6 30. Qxf6 Rd8 31. Nxd4 Ne8 32. Nxe6 Nxf6 33. Nxc7 Rd7 34. Nxb5 Kg7 35. Kh2 h6 36. e5 Nh7 37. Nd6 Ng5 38. Kg3 Bc6 39. h4 Ne6 40. Bxe6 fxe6 41. c4 Ra7 42. Kf4 Ra5 43. b4 Ra3 44. Ke3 Bg2 45. Rf7+ Kg8 46. Rf6 g5 47. hxg5 hxg5 48. b5 Bh3 49. b6 Rb3 50. c5 Bg2 51. Rf7 Bc6 52. Rc7 Bd5 53. b7 Bxb7 54. Rxb7 Rc3 55. Kd4 Rc1 56. Ne8 Kf8 57. Nd6 Rg1 58. c6 Rxg4+ 59. Kc5 Rg1 60. c7 Rc1+ 61. Nc4 1-0

[Event "British Rapidplay"]
[Site "Peterborough"]
[Date "2025.03.02"]
[Round "8.33"]
[White "Clarke, James"]
[Black "Hng, Mei-Xian Eunice"]
[Result "1-0"]
[WhiteElo "1941"]
[BlackElo "2066"]
[PlyCount "93"]
[EventDate "2025.03.01"]
[EventType "swiss (rapid)"]
[EventRounds "11"]
[EventCountry "ENG"]
[SourceTitle "BritBase"]
[Source "John Saunders"]
[SourceDate "2025.03.03"]
[SourceVersion "1"]
[SourceVersionDate "2025.03.03"]
[SourceQuality "2"]

1. e4 d6 2. d4 Nf6 3. Bd3 g6 4. Nf3 Bg7 5. c3 O-O 6. O-O Na6 7. Re1 c5 8. h3 cxd4 9. cxd4 Nb4 10. Bf1 b6 11. Nc3 Bb7 12. Bg5 h6 13. Bh4 Rc8 14. a3 Nc6 15. Rc1 g5 16. Bg3 Na5 17. d5 Nh5 18. Bh2 Nf4 19. Bxf4 gxf4 20. Nd2 Rc7 21. Nb5 Rxc1 22. Qxc1 a6 23. b4 axb5 24. bxa5 bxa5 25. Bxb5 Qb6 26. a4 Bd4 27. Rf1 Bf6 28. Nc4 Qd4 29. Qxf4 Bg5 30. Qg4 Bc8 31. Qe2 f5 32. Rd1 Qa7 33. e5 dxe5 34. Nxe5 Qc5 35. Nf3 Bf6 36. Qd2 Kh7 37. Qxa5 Rg8 38. Qd2 Qa3 39. Qd3 Qb4 40. d6 exd6 41. Qxd6 Qc3 42. Qd3 Qc7 43. Qc4 Qg7 44. g3 Kh8 45. Qf4 Kh7 46. Rc1 Rf8 47. Rxc8 1-0

[Event "British Rapidplay"]
[Site "Peterborough"]
[Date "2025.03.02"]
[Round "8.34"]
[White "Lapidus, Alexey M"]
[Black "Surtees, Michael J"]
[Result "0-1"]
[WhiteElo "1937"]
[BlackElo "2099"]
[PlyCount "156"]
[EventDate "2025.03.01"]
[EventType "swiss (rapid)"]
[EventRounds "11"]
[EventCountry "ENG"]
[SourceTitle "BritBase"]
[Source "John Saunders"]
[SourceDate "2025.03.03"]
[SourceVersion "1"]
[SourceVersionDate "2025.03.03"]
[SourceQuality "2"]

1. e4 a6 2. d4 h6 3. Nc3 b5 4. a3 e6 5. f4 Bb7 6. Nf3 Nf6 7. Bd3 c5 8. dxc5 Bxc5 9. h3 Qb6 10. g4 d5 11. Qe2 dxe4 12. Nxe4 Nxe4 13. Bxe4 Nd7 14. Bxb7 Qxb7 15. Be3 Rc8 16. c3 O-O 17. O-O Qe4 18. Rae1 Qxf4 19. Qf2 Bxe3 20. Rxe3 Nf6 21. Qe1 Qb8 22. Ne5 Qa7 23. Kh2 Nd5 24. Ref3 Qc7 25. Rxf7 Rxf7 26. Rxf7 Qd6 27. Rd7 Qf8 28. Ng6 Qf6 29. Rxd5 Qxg6 30. Rd6 Re8 31. Qe2 Qf6 32. Rxa6 Kh8 33. Kg2 Qg5 34. Rd6 Qc5 35. Rd4 e5 36. Re4 Qd5 37. Kg3 Re6 38. Qf3 Re8 39. Qe2 Re6 40. Rb4 e4 41. Rxb5 Qd6+ 42. Kg2 e3 43. Rf5 Qc6+ 44. Rf3 Qd5 45. b4 Qd2 46. Qxd2 exd2 47. Rd3 Re2+ 48. Kf3 Rh2 49. Kg3 Re2 50. a4 Re3+ 51. Rxe3 d1=Q 52. a5 Qg1+ 53. Kf3 Qf1+ 54. Ke4 g5 55. Kd4 Qf4+ 56. Kd3 Qf1+ 57. Kd2 Kg7 58. Rd3 Qf2+ 59. Kd1 Kf6 60. a6 Ke5 61. b5 Ke4 62. Rd2 Qf1+ 63. Kc2 Qxb5 64. Rd4+ Ke3 65. Rd6 Qa4+ 66. Kb2 Qb5+ 67. Kc2 Qe5 68. Rxh6 Qd5 69. a7 Qa2+ 70. Kc1 Qxa7 71. Kb2 Qb7+ 72. Kc2 Qe4+ 73. Kb3 Qd5+ 74. Kb2 Kd3 75. Rh8 Qb5+ 76. Ka3 Qa5+ 77. Kb3 Qxc3+ 78. Ka4 Qxh8 0-1

[Event "British Rapidplay"]
[Site "Peterborough"]
[Date "2025.03.02"]
[Round "8.35"]
[White "Vashisht-Pigem, Raman"]
[Black "Brocklehurst, Andrew"]
[Result "1-0"]
[WhiteElo "1965"]
[BlackElo "1856"]
[PlyCount "69"]
[EventDate "2025.03.01"]
[EventType "swiss (rapid)"]
[EventRounds "11"]
[EventCountry "ENG"]
[SourceTitle "BritBase"]
[Source "John Saunders"]
[SourceDate "2025.03.03"]
[SourceVersion "1"]
[SourceVersionDate "2025.03.03"]
[SourceQuality "2"]

1. e4 c5 2. Nf3 Nc6 3. Bb5 e6 4. O-O d6 5. c3 Bd7 6. d4 cxd4 7. cxd4 Nf6 8. Nc3 Be7 9. e5 Nd5 10. Nxd5 exd5 11. exd6 Bxd6 12. Re1+ Ne7 13. Bd3 h6 14. Ne5 Bxe5 15. dxe5 O-O 16. Qh5 f5 17. exf6 Rxf6 18. Bd2 Bf5 19. Bb5 Bg6 20. Qe2 Qb6 21. Bc3 d4 22. Qc4+ Kh7 23. Bxd4 Qd6 24. Bxf6 Qxf6 25. Qc3 Qg5 26. Bd3 Nf5 27. Re5 Rf8 28. Rae1 Qg4 29. h3 Qf4 30. R1e4 Qg5 31. Rg4 Qd8 32. Bxf5 Bxf5 33. Rxf5 Qd1+ 34. Kh2 Qd6+ 35. Qe5 1-0

[Event "British Rapidplay"]
[Site "Peterborough"]
[Date "2025.03.02"]
[Round "8.36"]
[White "Patel, Keatan"]
[Black "Ganti, Shriaansh"]
[Result "0-1"]
[WhiteElo "1985"]
[BlackElo "1980"]
[PlyCount "120"]
[EventDate "2025.03.01"]
[EventType "swiss (rapid)"]
[EventRounds "11"]
[EventCountry "ENG"]
[SourceTitle "BritBase"]
[Source "John Saunders"]
[SourceDate "2025.03.03"]
[SourceVersion "1"]
[SourceVersionDate "2025.03.03"]
[SourceQuality "2"]

1. e4 Nf6 2. d3 c5 3. Nc3 Nc6 4. g3 d6 5. Bg2 g6 6. f4 Bg7 7. Nf3 Rb8 8. a4 a6 9. O-O b5 10. axb5 axb5 11. h3 O-O 12. Kh2 Ne8 13. f5 e6 14. Bg5 f6 15. Bd2 exf5 16. exf5 Bxf5 17. Nh4 Bd7 18. Ne2 f5 19. Nf4 Ne7 20. Nf3 Bxb2 21. Rb1 Bf6 22. Qe2 Qc8 23. d4 cxd4 24. Nxd4 Be5 25. Nd3 Qc4 26. Nf3 Nc6 27. Nfxe5 Nxe5 28. Rb4 Qe6 29. Nf4 Qe7 30. Bd5+ Kg7 31. Bc3 Nf6 32. Re1 Rfe8 33. Bb3 Rbc8 34. Bb2 Kf8 35. Nd5 Nxd5 36. Bxd5 Ng4+ 37. Qxg4 fxg4 38. Rf4+ Bf5 39. Rxe7 Rxe7 40. hxg4 Rxc2+ 41. Kh3 Rxb2 42. gxf5 gxf5 43. Rxf5+ Kg7 44. Rg5+ Kf6 45. Rh5 Kg6 46. Rh4 h6 47. Bf3 b4 48. Rg4+ Kf6 49. Rf4+ Kg7 50. Bd5 Re5 51. Bf3 b3 52. Rb4 Rb1 53. Be4 Rxe4 54. Rxe4 b2 55. Kg4 Rf1 56. Re7+ Kf6 57. Rh7 b1=Q 58. Rxh6+ Kg7 59. Rh5 Qg6+ 60. Kh4 Rh1# 0-1

[Event "British Rapidplay"]
[Site "Peterborough"]
[Date "2025.03.02"]
[Round "8.37"]
[White "Hughes, Roy"]
[Black "Mylovanov, Volodymyr"]
[Result "1/2-1/2"]
[WhiteElo "2004"]
[BlackElo "1821"]
[PlyCount "62"]
[EventDate "2025.03.01"]
[EventType "swiss (rapid)"]
[EventRounds "11"]
[EventCountry "ENG"]
[SourceTitle "BritBase"]
[Source "John Saunders"]
[SourceDate "2025.03.03"]
[SourceVersion "1"]
[SourceVersionDate "2025.03.03"]
[SourceQuality "2"]

1. d4 d5 2. Bf4 Nf6 3. e3 e6 4. Nf3 c5 5. c3 Nc6 6. Nbd2 Bd6 7. Bg3 Ne4 8. Nxe4 dxe4 9. Ne5 Bxe5 10. Bxe5 Nxe5 11. dxe5 Qxd1+ 12. Rxd1 Bd7 13. Bc4 b5 14. Bb3 Ke7 15. Ke2 Rhd8 16. Rd2 Bc6 17. Rhd1 Rxd2+ 18. Rxd2 Rd8 19. Rxd8 Kxd8 20. c4 b4 21. Bc2 a5 22. g4 g5 23. Kf1 Ke7 24. Kg2 a4 25. Kg3 h6 26. h4 f6 27. exf6+ Kxf6 28. b3 a3 29. hxg5+ hxg5 30. f4 exf3 31. Bd1 Ke5 1/2-1/2

[Event "British Rapidplay"]
[Site "Peterborough"]
[Date "2025.03.02"]
[Round "8.38"]
[White "Rughani, Mahin"]
[Black "Lebedev, Lion"]
[Result "1/2-1/2"]
[WhiteElo "1907"]
[BlackElo "2038"]
[PlyCount "157"]
[EventDate "2025.03.01"]
[EventType "swiss (rapid)"]
[EventRounds "11"]
[EventCountry "ENG"]
[SourceTitle "BritBase"]
[Source "John Saunders"]
[SourceDate "2025.03.03"]
[SourceVersion "1"]
[SourceVersionDate "2025.03.03"]
[SourceQuality "2"]

1. d4 d5 2. c4 c6 3. Nf3 Nf6 4. g3 Bf5 5. Qb3 Qc8 6. Bg2 e6 7. Nc3 h6 8. Bf4 Nbd7 9. a3 Nh5 10. Bd2 Bd6 11. Rc1 Nhf6 12. O-O Qb8 13. Rfe1 O-O 14. Nh4 Bh7 15. cxd5 exd5 16. e4 dxe4 17. Nxe4 Nxe4 18. Bxe4 Bxe4 19. Rxe4 Nf6 20. Re2 Qc8 21. Rce1 Rb8 22. Ng6 Rd8 23. Ne7+ Bxe7 24. Rxe7 Nd5 25. Bf4 Nxe7 26. Rxe7 Qf5 27. Bxb8 Rxb8 28. h4 Rd8 29. Rxb7 Rxd4 30. Rxa7 Rd2 31. Qe3 Qd5 32. f3 Rd1+ 33. Kh2 Qb5 34. Qe8+ Kh7 35. Qxf7 Qxb2+ 36. Kh3 Rh1+ 37. Kg4 Qd4+ 38. Kh5 Qe5+ 39. Kg4 Rg1 40. Qf5+ Qxf5+ 41. Kxf5 Rxg3 42. Kf4 Rg1 43. Rc7 Rc1 44. a4 Rc4+ 45. Kg3 Rxa4 46. Rxc6 Kg8 47. Rc7 Kf8 48. Rb7 Rd4 49. Ra7 g6 50. Rh7 h5 51. Ra7 Rd5 52. Rb7 Rf5 53. Ra7 Rf7 54. Ra6 Kg7 55. Rb6 Rc7 56. Ra6 Kf7 57. Rb6 Rc4 58. Ra6 Rd4 59. Rb6 Rd5 60. Ra6 Re5 61. Rb6 Re6 62. Rxe6 Kxe6 63. Kf4 Kf6 64. Ke4 Ke6 65. Kf4 Kf6 66. Ke4 g5 67. hxg5+ Kxg5 68. Ke5 h4 69. f4+ Kg4 70. f5 h3 71. f6 h2 72. f7 h1=Q 73. f8=Q Qe1+ 74. Kd5 Qd1+ 75. Kc6 Qc2+ 76. Qc5 Qe4+ 77. Qd5 Qe8+ 78. Qd7+ Qxd7+ 79. Kxd7 1/2-1/2

[Event "British Rapidplay"]
[Site "Peterborough"]
[Date "2025.03.02"]
[Round "8.40"]
[White "Ward, Andrew"]
[Black "Vijayakumar, Rishi"]
[Result "0-1"]
[WhiteElo "1894"]
[BlackElo "2311"]
[PlyCount "62"]
[EventDate "2025.03.01"]
[EventType "swiss (rapid)"]
[EventRounds "11"]
[EventCountry "ENG"]
[SourceTitle "BritBase"]
[Source "John Saunders"]
[SourceDate "2025.03.03"]
[SourceVersion "1"]
[SourceVersionDate "2025.03.03"]
[SourceQuality "2"]

1. c4 Nf6 2. Nc3 c5 3. g3 d5 4. cxd5 Nxd5 5. Bg2 Nc7 6. Nf3 Nc6 7. O-O e5 8. b3 Be7 9. h3 O-O 10. e3 Be6 11. Ne1 Qd7 12. Kh2 f5 13. f4 e4 14. Bb2 Rad8 15. Rf2 Bf6 16. Qc2 Nb4 17. Qd1 Ncd5 18. Qc1 Nb6 19. a3 Nc6 20. Qc2 Na5 21. b4 Nb3 22. Rd1 c4 23. Nb1 Qe7 24. Bxf6 Qxf6 25. Nc3 h5 26. h4 Rf7 27. Bf1 Rfd7 28. Na2 a6 29. Nc1 Rc8 30. Qb1 Na4 31. Nc2 Nc3 0-1

[Event "British Rapidplay"]
[Site "Peterborough"]
[Date "2025.03.02"]
[Round "8.41"]
[White "Yu, Rock"]
[Black "Fearnhead, Benjamin"]
[Result "0-1"]
[WhiteElo "2048"]
[BlackElo "1881"]
[PlyCount "78"]
[EventDate "2025.03.01"]
[EventType "swiss (rapid)"]
[EventRounds "11"]
[EventCountry "ENG"]
[SourceTitle "BritBase"]
[Source "John Saunders"]
[SourceDate "2025.03.03"]
[SourceVersion "1"]
[SourceVersionDate "2025.03.03"]
[SourceQuality "2"]

1. Nf3 d5 2. g3 c5 3. Bg2 Nc6 4. d4 cxd4 5. Nxd4 e5 6. Nxc6 bxc6 7. c4 Rb8 8. cxd5 cxd5 9. Qxd5 Bb4+ 10. Nc3 Qxd5 11. Bxd5 Ne7 12. Bg2 O-O 13. O-O Ba6 14. Re1 Ba5 15. a3 Rfc8 16. b4 Rxc3 17. bxa5 Rc2 18. Be3 Rb5 19. Bxa7 Rxa5 20. Rec1 Rxc1+ 21. Rxc1 g6 22. Bc5 Nf5 23. Bb4 Rb5 24. e3 Kg7 25. Rc7 Rb8 26. Bd5 Nh6 27. Bc3 Rb1+ 28. Kg2 Bf1+ 29. Kf3 Kf6 30. Rc6+ Kg5 31. h4+ Kh5 32. g4+ Nxg4 33. Kg3 Bd3 34. Bf3 Rg1+ 35. Kh3 Bf1+ 36. Bg2 Bxg2+ 37. Kg3 Bxc6+ 38. Kh3 Nxf2+ 39. Kh2 Rg2# 0-1

[Event "British Rapidplay"]
[Site "Peterborough"]
[Date "2025.03.02"]
[Round "8.42"]
[White "Jackson, Sheila"]
[Black "Bevis, Noah"]
[Result "0-1"]
[WhiteElo "2031"]
[BlackElo "1777"]
[PlyCount "80"]
[EventDate "2025.03.01"]
[EventType "swiss (rapid)"]
[EventRounds "11"]
[EventCountry "ENG"]
[SourceTitle "BritBase"]
[Source "John Saunders"]
[SourceDate "2025.03.03"]
[SourceVersion "1"]
[SourceVersionDate "2025.03.03"]
[SourceQuality "2"]

1. e4 c5 2. Nf3 Nc6 3. d4 cxd4 4. Nxd4 e5 5. Nb5 d6 6. N1c3 a6 7. Na3 Be7 8. Nd5 Nf6 9. Nxe7 Qxe7 10. f3 O-O 11. c3 Be6 12. Bg5 Rad8 13. Bc4 b5 14. Bxf6 Qxf6 15. Bd5 Bxd5 16. exd5 Ne7 17. O-O Qf4 18. Qd3 Nf5 19. Rfe1 Qg5 20. Nc2 Nh4 21. Re2 f5 22. Nb4 Ra8 23. Nc6 Rf6 24. Kh1 Rh6 25. g3 Ng6 26. Rg1 Qh5 27. Rf2 Qh3 28. Qf1 Qh5 29. Qd3 Re8 30. Re2 Qh3 31. Rf2 Qh5 32. Nb4 e4 33. fxe4 Ne5 34. Qc2 Ng4 35. Rd2 fxe4 36. h4 e3 37. Re2 Nf2+ 38. Rxf2 exf2 39. Qxf2 Re2 40. Qf4 Rf6 0-1

[Event "British Rapidplay"]
[Site "Peterborough"]
[Date "2025.03.02"]
[Round "8.43"]
[White "Takvorian, Sebouh"]
[Black "Nicholas, Koichi B"]
[Result "0-1"]
[WhiteElo "1802"]
[BlackElo "2066"]
[PlyCount "59"]
[EventDate "2025.03.01"]
[EventType "swiss (rapid)"]
[EventRounds "11"]
[EventCountry "ENG"]
[SourceTitle "BritBase"]
[Source "John Saunders"]
[SourceDate "2025.03.03"]
[SourceVersion "1"]
[SourceVersionDate "2025.03.03"]
[SourceQuality "2"]

1. e4 e5 2. Nf3 Nf6 3. Nxe5 Nxe4 4. d4 Be7 5. Bd3 Nf6 6. O-O Nc6 7. Be3 d6 8. Nxc6 bxc6 9. c4 Bg4 10. Qc2 O-O 11. Nd2 Bh5 12. Ne4 Bg6 13. Ng3 Ng4 14. Bd2 Bg5 15. f4 Bf6 16. Bc3 Ne3 17. Qd2 Nxf1 18. Rxf1 Bxd3 19. Qxd3 d5 20. c5 Re8 21. Nh5 g6 22. Ng3 Qe7 23. Bd2 Bh4 24. f5 Bxg3 25. Qxg3 Qe4 26. Kh1 Qe2 27. Rg1 Qxd2 28. Qh4 Re4 29. Qh3 Re1 30. Qg3 0-1

[Event "British Rapidplay"]
[Site "Peterborough"]
[Date "2025.03.02"]
[Round "8.44"]
[White "Baer, Bruce L"]
[Black "Balmond, Tom"]
[Result "1-0"]
[WhiteElo "1976"]
[BlackElo "1708"]
[PlyCount "57"]
[EventDate "2025.03.01"]
[EventType "swiss (rapid)"]
[EventRounds "11"]
[EventCountry "ENG"]
[SourceTitle "BritBase"]
[Source "John Saunders"]
[SourceDate "2025.03.03"]
[SourceVersion "1"]
[SourceVersionDate "2025.03.03"]
[SourceQuality "2"]

1. Nf3 d5 2. g3 Nf6 3. Bg2 c5 4. O-O Nc6 5. d3 e5 6. Bg5 Be7 7. Nfd2 O-O 8. Nc3 Be6 9. e4 d4 10. Bxf6 Bxf6 11. Nd5 Bxd5 12. exd5 Nb4 13. a3 Nxd5 14. Qf3 Nc7 15. Qxb7 Rb8 16. Qxa7 Rxb2 17. Nc4 Rxc2 18. a4 Re8 19. a5 Bg5 20. Qxc5 f5 21. a6 e4 22. dxe4 fxe4 23. a7 Be7 24. Qc6 Bf6 25. Bxe4 Rxe4 26. Qxe4 Rxc4 27. a8=Q Nxa8 28. Rxa8 Rc8 29. Qe6+ 1-0

[Event "British Rapidplay"]
[Site "Peterborough"]
[Date "2025.03.02"]
[Round "8.45"]
[White "White, Stuart A"]
[Black "Bellano, Harry"]
[Result "1-0"]
[WhiteElo "2024"]
[BlackElo "1654"]
[PlyCount "111"]
[EventDate "2025.03.01"]
[EventType "swiss (rapid)"]
[EventRounds "11"]
[EventCountry "ENG"]
[SourceTitle "BritBase"]
[Source "John Saunders"]
[SourceDate "2025.03.03"]
[SourceVersion "1"]
[SourceVersionDate "2025.03.03"]
[SourceQuality "2"]

1. c4 Nf6 2. Nf3 e6 3. g3 c5 4. Bg2 Nc6 5. O-O d5 6. cxd5 exd5 7. d4 Bf5 8. Bg5 h6 9. Bf4 Qb6 10. dxc5 Bxc5 11. Nc3 d4 12. Na4 Qb5 13. Nxc5 Qxc5 14. Rc1 Qb6 15. Qa4 Nd5 16. Be5 Ndb4 17. Bxg7 Rh7 18. Bxd4 Qa6 19. Qxa6 Nxa6 20. Bc3 O-O-O 21. Nd4 Bd7 22. Nxc6 Bxc6 23. Be5 Rd2 24. Be4 Rxe2 25. Bxh7 Rxe5 26. Rfe1 Rb5 27. Bd3 Ra5 28. a3 Nc5 29. Bf5+ Nd7 30. Be4 Kc7 31. Bxc6 bxc6 32. Re7 f6 33. Rd1 Rd5 34. Rxd5 cxd5 35. Kf1 Kd6 36. Rxd7+ Kxd7 37. Ke2 Kd6 38. Kd3 Ke5 39. f3 h5 40. b3 f5 41. f4+ Ke6 42. Kd4 Kd6 43. b4 a6 44. a4 Kc6 45. Ke5 a5 46. bxa5 Kc5 47. a6 d4 48. a7 d3 49. a8=Q Kb4 50. Kd4 d2 51. Qb7+ Ka3 52. Qb1 h4 53. Kc3 d1=N+ 54. Qxd1 Ka2 55. Qb3+ Ka1 56. Qb2# 1-0

[Event "British Rapidplay"]
[Site "Peterborough"]
[Date "2025.03.02"]
[Round "8.46"]
[White "Kumar, Sachin"]
[Black "Mokhber-Garcia, Sebastian"]
[Result "0-1"]
[WhiteElo "1735"]
[BlackElo "1908"]
[PlyCount "138"]
[EventDate "2025.03.01"]
[EventType "swiss (rapid)"]
[EventRounds "11"]
[EventCountry "ENG"]
[SourceTitle "BritBase"]
[Source "John Saunders"]
[SourceDate "2025.03.03"]
[SourceVersion "1"]
[SourceVersionDate "2025.03.03"]
[SourceQuality "2"]

1. e4 e5 2. Nf3 Nc6 3. Bc4 Nf6 4. d3 Be7 5. c3 O-O 6. Bb3 d5 7. exd5 Nxd5 8. O-O Bg4 9. Qe2 Bf6 10. Qe4 Be6 11. Bc2 Nde7 12. h3 Bf5 13. Qe2 Qd7 14. Nbd2 g6 15. Ne4 Bg7 16. Bg5 f6 17. Bh4 Nd5 18. Bg3 Kh8 19. Bb3 Nde7 20. Nh4 Bxe4 21. dxe4 f5 22. Rad1 Qe8 23. exf5 gxf5 24. f4 e4 25. Be6 Rf6 26. Bb3 a5 27. a4 Rd8 28. Bf2 b6 29. Bc4 Rfd6 30. g3 Bf6 31. Ng2 Qd7 32. Ne3 Qe8 33. Kh2 Bg7 34. Rxd6 Rxd6 35. Rd1 Qd7 36. Rxd6 Qxd6 37. Qd1 Qxd1 38. Nxd1 Nd8 39. Ne3 Ndc6 40. Be6 Nd8 41. Bxf5 Nxf5 42. Nxf5 Bf6 43. Bd4 Bxd4 44. Nxd4 Kg7 45. Kg2 Kf6 46. Kf2 c5 47. Nc2 Ke6 48. b3 c4 49. b4 Nc6 50. b5 Ne7 51. Ne3 Kd6 52. Nxc4+ Kc5 53. Ne3 Nc8 54. g4 Nd6 55. g5 Nf7 56. h4 Kd6 57. Kg3 Nd8 58. h5 Ke6 59. Kg4 Nb7 60. h6 Kf7 61. f5 Nc5 62. Kh5 Kg8 63. g6 Nd7 64. Nd5 hxg6+ 65. fxg6 e3 66. Ne7+ Kf8 67. Nf5 e2 68. h7 Nf6+ 69. Kh6 Ng8+ 0-1

[Event "British Rapidplay"]
[Site "Peterborough"]
[Date "2025.03.02"]
[Round "8.47"]
[White "Harris, Michael"]
[Black "McCarthy, Kevin C"]
[Result "1/2-1/2"]
[WhiteElo "2234"]
[BlackElo "1944"]
[PlyCount "43"]
[EventDate "2025.03.01"]
[EventType "swiss (rapid)"]
[EventRounds "11"]
[EventCountry "ENG"]
[SourceTitle "BritBase"]
[Source "John Saunders"]
[SourceDate "2025.03.03"]
[SourceVersion "1"]
[SourceVersionDate "2025.03.03"]
[SourceQuality "2"]

1. d4 Nf6 2. c4 e6 3. Nf3 b6 4. g3 Bb7 5. Bg2 Bb4+ 6. Bd2 Bxd2+ 7. Nbxd2 d5 8. O-O O-O 9. cxd5 exd5 10. Ne5 Nbd7 11. Ndf3 c5 12. e3 Rc8 13. a4 Re8 14. Qb3 c4 15. Qc2 Nxe5 16. Nxe5 Nd7 17. Nf3 Nf6 18. Rfc1 Qd6 19. Ne5 Nd7 20. Nf3 Nf6 21. Ne5 c3 22. b3 1/2-1/2

[Event "British Rapidplay"]
[Site "Peterborough"]
[Date "2025.03.02"]
[Round "8.48"]
[White "Naylor-Eade, Michael A"]
[Black "Hryshchenko, Kamila"]
[Result "1-0"]
[WhiteElo "1989"]
[BlackElo "2119"]
[PlyCount "117"]
[EventDate "2025.03.01"]
[EventType "swiss (rapid)"]
[EventRounds "11"]
[EventCountry "ENG"]
[SourceTitle "BritBase"]
[Source "John Saunders"]
[SourceDate "2025.03.03"]
[SourceVersion "1"]
[SourceVersionDate "2025.03.03"]
[SourceQuality "2"]

1. e4 d6 2. d4 g6 3. c3 Bg7 4. Be3 Nf6 5. f3 c6 6. Nd2 Nbd7 7. Be2 e5 8. Nc4 Qc7 9. dxe5 dxe5 10. Nd6+ Ke7 11. Nxc8+ Rhxc8 12. Nh3 Kf8 13. Qd2 Kg8 14. Rd1 Rd8 15. Qc1 Nf8 16. O-O b5 17. c4 b4 18. c5 Ne6 19. Ng5 Nxg5 20. Bxg5 Rd7 21. Rxd7 Nxd7 22. Qc4 Bf8 23. Be3 Qa5 24. Rc1 Rb8 25. Bd1 Qb5 26. Qxb5 Rxb5 27. Ba4 Bxc5 28. Bxc5 Rxc5 29. Rxc5 Nxc5 30. Bxc6 Nd3 31. a3 b3 32. Bd5 Nc5 33. Kf2 Kf8 34. Ke3 f5 35. Kd2 Ke7 36. Kc3 Kd6 37. Bxb3 fxe4 38. Bg8 exf3 39. gxf3 h6 40. Bh7 g5 41. b4 Ne6 42. a4 h5 43. Kc4 h4 44. b5 Nc5 45. Bc2 e4 46. fxe4 g4 47. Bd1 Nd7 48. Kd4 Ne5 49. Be2 g3 50. hxg3 h3 51. Bf1 h2 52. Bg2 Ng4 53. a5 Ne5 54. a6 Nd7 55. e5+ Ke6 56. g4 Nxe5 57. b6 Nd7 58. bxa7 Nb6 59. a8=Q 1-0

[Event "British Rapidplay"]
[Site "Peterborough"]
[Date "2025.03.02"]
[Round "8.49"]
[White "Finn, Peter"]
[Black "Bowers, Francis J"]
[Result "1-0"]
[WhiteElo "2205"]
[BlackElo "1820"]
[PlyCount "87"]
[EventDate "2025.03.01"]
[EventType "swiss (rapid)"]
[EventRounds "11"]
[EventCountry "ENG"]
[SourceTitle "BritBase"]
[Source "John Saunders"]
[SourceDate "2025.03.03"]
[SourceVersion "1"]
[SourceVersionDate "2025.03.03"]
[SourceQuality "2"]

1. d4 Nf6 2. Nf3 c5 3. d5 e6 4. Nc3 d6 5. e4 e5 6. Be2 g6 7. O-O Bg7 8. Nd2 O-O 9. Nc4 Ne8 10. f4 exf4 11. Bxf4 a6 12. a4 b6 13. Qd3 f5 14. Qg3 fxe4 15. Nxe4 Bf5 16. Nexd6 Bxc2 17. Nxe8 Rxe8 18. Bf3 Bd3 19. Bc7 Bd4+ 20. Kh1 Qf6 21. Nxb6 Bxf1 22. Rxf1 Ra7 23. a5 Be5 24. Bxe5 Qxe5 25. Qxe5 Rxe5 26. d6 Nd7 27. Bc6 Nxb6 28. axb6 Rf7 29. Rd1 Ref5 30. Kg1 c4 31. Bd5 Kg7 32. Bxf7 Rxf7 33. d7 Rxd7 34. Rxd7+ Kf6 35. b7 Ke6 36. Rxh7 a5 37. b8=Q a4 38. Qb6+ Kd5 39. Rd7+ Ke4 40. Qd4+ Kf5 41. Rd6 a3 42. Qf6+ Ke4 43. Rd4+ Ke3 44. Qf2# 1-0

[Event "British Rapidplay"]
[Site "Peterborough"]
[Date "2025.03.02"]
[Round "8.50"]
[White "Birtwistle, Nigel"]
[Black "Bin-Suhayl, Yousuf"]
[Result "1-0"]
[WhiteElo "2025"]
[BlackElo "1897"]
[PlyCount "71"]
[EventDate "2025.03.01"]
[EventType "swiss (rapid)"]
[EventRounds "11"]
[EventCountry "ENG"]
[SourceTitle "BritBase"]
[Source "John Saunders"]
[SourceDate "2025.03.03"]
[SourceVersion "1"]
[SourceVersionDate "2025.03.03"]
[SourceQuality "2"]

1. d4 Nf6 2. Nf3 c5 3. d5 e6 4. c4 b5 5. Bg5 Qa5+ 6. Nbd2 exd5 7. Bxf6 gxf6 8. cxd5 f5 9. g3 Bg7 10. Qc2 d6 11. Bg2 Na6 12. O-O O-O 13. a3 Qd8 14. Rab1 Nc7 15. Nh4 f4 16. Nf5 Qf6 17. Nxg7 Kxg7 18. Rbd1 Bb7 19. Nb3 Rae8 20. Rfe1 Re5 21. Nd4 Bxd5 22. Bxd5 Rxd5 23. Nf3 fxg3 24. hxg3 Re8 25. Rxd5 Nxd5 26. Qd3 Nc7 27. Nh4 Re5 28. e4 Qe6 29. f4 Rh5 30. Kg2 f5 31. Qf3 Kh6 32. Re2 fxe4 33. Rxe4 Qf6 34. Qe2 d5 35. Re7 Na8 36. Re6 1-0